Statistics for Interstate Tile Quiz

Click here to take the quiz!

General Stats

  • This quiz has been taken 48 times
  • The average score is 73 of 80

Answer Stats

QuestionTileSelect% Correct
Interstate 90 (I-90) 3020 miles passes through.....MassachusettsYes
100%
Interstate 90 (I-90) 3020 miles passes through.....OhioYes
100%
Interstate 90 (I-90) 3020 miles passes through.....West VirginiaNo
100%
Interstate 80 (I-80) 2899 miles passes through.....ArizonaNo
98%
Interstate 70 (I-70) 2150 miles passes through...ArkansasNo
98%
Interstate 40 (I-40) 2556 miles passes through.....ColoradoNo
98%
Interstate 10 (I-10) 2460 miles passes through...ColoradoNo
98%
Interstate 70 (I-70) 2150 miles passes through...FloridaNo
98%
Interstate 90 (I-90) 3020 miles passes through.....IllinoisYes
98%
Interstate 70 (I-70) 2150 miles passes through...IowaNo
98%
Interstate 40 (I-40) 2556 miles passes through.....KansasNo
98%
Interstate 80 (I-80) 2899 miles passes through.....KentuckyNo
98%
Interstate 70 (I-70) 2150 miles passes through...MaineNo
98%
Interstate 10 (I-10) 2460 miles passes through...NevadaNo
98%
Interstate 70 (I-70) 2150 miles passes through...New JerseyNo
98%
Interstate 10 (I-10) 2460 miles passes through...New YorkNo
98%
Interstate 10 (I-10) 2460 miles passes through...OregonNo
98%
Interstate 10 (I-10) 2460 miles passes through...South CarolinaNo
98%
Interstate 40 (I-40) 2556 miles passes through.....VirginiaNo
98%
Interstate 10 (I-10) 2460 miles passes through...WashingtonNo
98%
Interstate 40 (I-40) 2556 miles passes through.....West VirginiaNo
98%
Interstate 80 (I-80) 2899 miles passes through.....ColoradoNo
95%
Interstate 10 (I-10) 2460 miles passes through...GeorgiaNo
95%
Interstate 80 (I-80) 2899 miles passes through.....IndianaYes
95%
Interstate 40 (I-40) 2556 miles passes through.....LouisianaNo
95%
Interstate 90 (I-90) 3020 miles passes through.....MichiganNo
95%
Interstate 40 (I-40) 2556 miles passes through.....MissouriNo
95%
Interstate 80 (I-80) 2899 miles passes through.....New JerseyYes
95%
Interstate 90 (I-90) 3020 miles passes through.....New YorkYes
95%
Interstate 90 (I-90) 3020 miles passes through.....North DakotaNo
95%
Interstate 80 (I-80) 2899 miles passes through.....OhioYes
95%
Interstate 80 (I-80) 2899 miles passes through.....PennsylvaniaYes
95%
Interstate 10 (I-10) 2460 miles passes through...TennesseeNo
95%
Interstate 90 (I-90) 3020 miles passes through.....WashingtonYes
95%
Interstate 10 (I-10) 2460 miles passes through...ArizonaYes
93%
Interstate 10 (I-10) 2460 miles passes through...FloridaYes
93%
Interstate 80 (I-80) 2899 miles passes through.....IllinoisYes
93%
Interstate 80 (I-80) 2899 miles passes through.....IowaYes
93%
Interstate 10 (I-10) 2460 miles passes through...LouisianaYes
93%
Interstate 80 (I-80) 2899 miles passes through.....MinnesotaNo
93%
Interstate 80 (I-80) 2899 miles passes through.....NebraskaYes
93%
Interstate 40 (I-40) 2556 miles passes through.....NevadaNo
93%
Interstate 40 (I-40) 2556 miles passes through.....South CarolinaNo
93%
Interstate 90 (I-90) 3020 miles passes through.....South DakotaYes
93%
Interstate 10 (I-10) 2460 miles passes through...AlabamaYes
90%
Interstate 80 (I-80) 2899 miles passes through.....CaliforniaYes
90%
Interstate 10 (I-10) 2460 miles passes through...CaliforniaYes
90%
Interstate 90 (I-90) 3020 miles passes through.....IdahoYes
90%
Interstate 90 (I-90) 3020 miles passes through.....IndianaYes
90%
Interstate 70 (I-70) 2150 miles passes through...KentuckyNo
90%
Interstate 90 (I-90) 3020 miles passes through.....PennsylvaniaYes
90%
Interstate 10 (I-10) 2460 miles passes through...TexasYes
90%
Interstate 80 (I-80) 2899 miles passes through.....WyomingYes
90%
Interstate 40 (I-40) 2556 miles passes through.....ArizonaYes
88%
Interstate 40 (I-40) 2556 miles passes through.....ArkansasYes
88%
Interstate 70 (I-70) 2150 miles passes through...ColoradoYes
88%
Interstate 10 (I-10) 2460 miles passes through...MississippiYes
88%
Interstate 90 (I-90) 3020 miles passes through.....MontanaYes
88%
Interstate 10 (I-10) 2460 miles passes through...New MexicoYes
88%
Interstate 40 (I-40) 2556 miles passes through.....TexasYes
88%
Interstate 80 (I-80) 2899 miles passes through.....UtahYes
88%
Interstate 70 (I-70) 2150 miles passes through...KansasYes
85%
Interstate 70 (I-70) 2150 miles passes through...MissouriYes
85%
Interstate 80 (I-80) 2899 miles passes through.....NevadaYes
85%
Interstate 40 (I-40) 2556 miles passes through.....New MexicoYes
85%
Interstate 40 (I-40) 2556 miles passes through.....CaliforniaYes
83%
Interstate 80 (I-80) 2899 miles passes through.....New YorkNo
83%
Interstate 40 (I-40) 2556 miles passes through.....North CarolinaYes
83%
Interstate 40 (I-40) 2556 miles passes through.....OklahomaYes
83%
Interstate 40 (I-40) 2556 miles passes through.....TennesseeYes
83%
Interstate 70 (I-70) 2150 miles passes through...IndianaYes
80%
Interstate 70 (I-70) 2150 miles passes through...MarylandYes
80%
Interstate 90 (I-90) 3020 miles passes through.....MinnesotaYes
80%
Interstate 70 (I-70) 2150 miles passes through...IllinoisYes
78%
Interstate 90 (I-90) 3020 miles passes through.....WisconsinYes
78%
Interstate 70 (I-70) 2150 miles passes through...OhioYes
76%
Interstate 70 (I-70) 2150 miles passes through...West VirginiaYes
76%
Interstate 70 (I-70) 2150 miles passes through...UtahYes
73%
Interstate 70 (I-70) 2150 miles passes through...PennsylvaniaYes
71%
Interstate 90 (I-90) 3020 miles passes through.....WyomingYes
71%

Score Distribution

Percentile by Number Answered

Percent of People with Each Score

Your Score History

You have not taken this quiz